[Event "Agartala Dutta Memorial 3rd"]
[Site "Agartala"]
[Date "2023.11.02"]
[Round "3"]
[White "Shaurya, Chaudhary"]
[Black "Dangmei, Bosco"]
[Result "1/2-1/2"]
[WhiteElo "1488"]
[BlackElo "1904"]
[PlyCount "130"]
[EventDate "2023.11.01"]
[EventType "swiss"]
[EventRounds "10"]
[EventCountry "IND"]
[SourceTitle "CB46_2023"]
[SourceDate "2023.11.15"]
[SourceVersion "1"]
[SourceVersionDate "2023.11.15"]
[SourceQuality "1"]

1. d4 d5 2. c4 dxc4 3. e3 Nf6 4. Bxc4 g6 5. Nf3 Bg7 6. 0-0 0-0 7. Nbd2 a6 8. Nb3 b6 9. a4 Bb7 10. a5 Nbd7 11. axb6 cxb6 12. Qe2 a5 13. Nbd2 Nd5 14. Rd1 Nb4 15. Nf1 Qb8 16. Bb5 Nf6 17. Bd2 Qd6 18. Ng3 Ne4 19. Nxe4 Bxe4 20. Bc3 Rac8 21. Nd2 Bb7 22. e4 Nc2 23. Nc4 Rxc4 24. Qxc2 Rc7 25. Qd3 e6 26. Rac1 Bh6 27. Rc2 Qf4 28. Bd2 Bxe4 29. Qa3 Bxc2 30. Bxf4 Bxf4 31. Ra1 Rd8 32. g3 Bd2 33. Qf3 Rxd4 34. Qa8+ Kg7 35. Qb8 Rc5 36. Qxb6 Rdd5 37. Be8 Bb4 38. Qa7 Rf5 39. Qb7 Bb3 40. Bc6 Rc2 41. Be4 Bd5 42. Bxf5 Bxb7 43. Bxc2 Kf6 44. Ba4 Bd5 45. Rc1 h5 46. Rc7 e5 47. Bc6 Be6 48. Bb5 Bd6 49. Rc6 Ke7 50. Bc4 Bxc4 51. Rxc4 Ke6 52. Rc6 Kd5 53. Ra6 Bb4 54. Kg2 Kc4 55. Kf3 Kb3 56. Ke4 Kxb2 57. Kxe5 Bc3+ 58. Kd6 g5 59. Ke7 f6 60. f3 Kb3 61. Rxa5 Bxa5 62. Kxf6 Bd8+ 63. Kf5 Kc4 64. h4 gxh4 65. g4 h3 1/2-1/2